000
00301nam a22001457a 4500
003
SGT
020
_a
9789348002976
082
_a
346.01
_b
DIW
100
_a
DIWAN PARAS
245
_a
FAMILY LAW
250
_a
14
260
_a
FARIDABAD
_b
ALLAHABAD LAW AGENCY
_c
2025
300
_a
619
942
_2
ddc
_c
BK
999
_c
34090
_d
34090